00675nam a2200241 u 450000100070000000500170000700800410002403500110006504000130007604100080008908200080009710000420010524500550014726000430020230000140024565000250025965000360028465000330032065000300035365000300038350200120041352600080042512707020260506072853.0970520s1997 ||||||m| spa  a127070 ccomduadb aspa 4a62110aOsorio Zapata, Monica Maria4auteaut10aManuales de funciones Corporacion Medica CMD Ltda. aMedellín :b[sin publicador],c1997. a154 hojas aAntioquia (Colombia) 7aDescripción del trabajo2lemb aCorporacion Medica CMD Ltda. aProcedimientos de trabajo aIngeniería de métodos b174c17 a176